| 000 | 00506nam a2200181 i 4500 | ||
|---|---|---|---|
| 001 | 96000 | ||
| 003 | ES-MaACL | ||
| 005 | 20240202163038.0 | ||
| 007 | t| | ||
| 008 | 050608s1933 sp ||||1| spa d | ||
| 100 | 1 |
_aMachado, Antonio, _d1875-1939 _975151 |
|
| 245 | 1 | 0 |
_aPoesias completas / _cde Antonio Machado (1899-1930). |
| 250 | _a3ยช ed. | ||
| 260 |
_aMadrid : _bEspasa-Calpe, _c1933. |
||
| 300 |
_a428 p. : _b1 retr. ; _c19 cm. |
||
| 852 |
_aES-MaACL _jA-2101 |
||
| 999 |
_c96000 _d96000 |
||